Statistics for Ocenia Countries Quiz

Click here to take the quiz!

General Stats

  • This quiz has been taken 6 times
  • The average score is 4 of 14

Answers on the Map

Answers color-coded by a green-red scale on the quiz's map according to % correct below.
 

Answer Stats

Answer% Correct
Australiia
100%
Fiji
50%
Kiribati
50%
Marshall Islands
50%
New Zealand
50%
Papua New Guinea
50%
Micronesia
0%
Nauru
0%
Palau
0%
Samoa
0%
Solomon Islands
0%
Tonga
0%
Tuvalu
0%
Vanuatu
0%

Score Distribution

Percentile by Number Answered

Percent of People with Each Score

Your Score History

You have not taken this quiz